000 00332nam a2200133Ia 4500
008 191201s2005 xx 000 0 und d
100 _aJINDAL, U C
245 0 _aAdvanced Topics of Strength of Materials
250 _aRep
260 _aN. Delhi
_bGalgatia Pub. Pvt
_c2005
300 _a356
650 _aB.Tech(CE)
942 _2ddc
_cBK
999 _c5505
_d5505